The Great archaeologists : the modern world's discovery of ancient civilisations as originally reported in the pages of The Illustrated London news from 1842 to the present day /

محفوظ في:

مؤلفون آخرون: Bacon, Edward.

التنسيق: كتاب

اللغة: English

منشور في: London : Secker and Warburg, 1976.

الموضوعات:

الوسوم: إضافة وسم

لا توجد وسوم, كن أول من يضع وسما على هذه التسجيلة!

رقم الطلب: CC165 .G69 1976b

LEADER 00893nam a2200253 i 4500
001 29
003 OSt
005 20251103141008.0
008 130303s1976 enkabce 001 0 eng d
010 |a 77361586 
015 |a GB76-32138 
020 |a 0436031000 
040 |c ARCE Library 
050 4 |a CC165 .G69 1976b 
245 0 4 |a The Great archaeologists :   |b the modern world's discovery of ancient civilisations as originally reported in the pages of The Illustrated London news from 1842 to the present day /   |c edited by Edward Bacon. 
264 1 |a London :  |b Secker and Warburg,  |c 1976. 
300 |a 428 pages :  |b illustrations (some color), maps (on lining papers), plan, portraits ;   |c 31 cm. 
500 |a Includes index. 
650 0 |a Archaeology  |x History  |v Sources. 
700 1 |a Bacon, Edward. 
730 0 |a Illustrated London news. 
901 |a reviewed 
942 |c BK  |2 lcc 
999 |c 9722  |d 9722